|
|
|
|
| LEADER |
00000cam a2200000 7i4500 |
| 001 |
0000000323 |
| 005 |
20220210093000.0 |
| 008 |
021118s1992 |
| 090 |
0 |
0 |
|a BP134.A5
|b .A4 1992
|
| 100 |
0 |
|
|a علوان، فريال ,
|e author
|
| 241 |
0 |
0 |
|a Alim al-malaikah min khilal al-Quran wa-ahadith al-sharifah
|
| 245 |
0 |
0 |
|a عالم الملائكة من خلال القران والاحاديث الشريفة
|c فريال علوان
|
| 260 |
2 |
|
|a Bayrut :
|b Dar al-Fikr ,
|c 1992
|
| 300 |
|
|
|a 118 p . ;
|c 24 cm.
|
| 650 |
|
0 |
|a Angels
|x Islam
|
| 650 |
|
0 |
|a Angels
|x Islam
|x Quranic teaching
|
| 999 |
|
|
|a 1000046877
|b Book
|c OPEN SHELF (30 DAYS)
|e Gong Badak Campus
|